Statistics for Biggest Cities of Europe in 800 AD with a Map

Click here to take the quiz!

General Stats

  • This quiz has been taken 387 times
    (317 since last reset)
  • The average score is 52 of 93

Answers on the Map

Answers color-coded by a green-red scale on the quiz's map according to % correct below.
 

Answer Stats

PopulationCities% Correct
11kLundenburh
(London)
97%
50kRoma
(Rome)
97%
250kConstantinople
(Istanbul)
96%
25kParisius
(Paris)
95%
15kAl-Ushbuna
(Lisbon)
93%
20kAthens
93%
10kBarshilunah
(Barcelona)
92%
25kMediolanum
(Milan)
92%
10kBurtuh
(Porto)
89%
35kIsbiliyyah
(Seville)
88%
20kMalamocco
(Venice)
88%
30kNeapolis
(Naples)
88%
11kBurdigala
(Bordeaux)
86%
5kMassilia
(Marseille)
86%
40kThessaloniki
86%
10kBalansiyyah
(Valencia)
85%
7kGenua
(Genoa)
84%
10kPanormus
(Palermo)
84%
12kLugdunum
(Lyon)
83%
160kQurtubah
(Córdoba)
83%
5kSerdonpolis
(Sofia)
80%
5kFlorentia
(Florence)
79%
5kBononia
(Bologna)
78%
10kTolosa
(Toulouse)
78%
15kColonia
(Cologne)
76%
7kEoforwic
(York)
75%
15kMadinat Ilbirah
(Granada)
74%
10kBarium
(Bari)
73%
25kTulaytulah
(Toledo)
73%
10kMalaqah
(Málaga)
72%
10kSaraqustah
(Zaragoza)
72%
30kVerona
72%
15kHerakleia
(Heraklion)
71%
25kMessene
(Messina)
71%
10kMursiyyah
(Murcia)
70%
20kSyracuse
70%
10kRotomagus
(Rouen)
64%
5kAquae Granni
(Aachen)
62%
10kAurelianum
(Orléans)
62%
20kCivitas Turonum
(Tours)
62%
15kPhilippopolis
(Plovdiv)
62%
10kCondate Redonum
(Rennes)
60%
20kCherson
(Sevastopol)
59%
20kCorinth
59%
20kDurocortorum
(Reims)
59%
13kPatavium
(Padua)
59%
10kAdrianople
(Edirne)
58%
4kHamwic
(Southampton)
58%
20kMogontiacum
(Mainz)
58%
12kRavenna
58%
25kMettis
(Metz)
56%
5kCastra Legionis
(León)
54%
4kVienna
(Vienne)
54%
15kAugusta Treverorum
(Trier)
52%
6kAugusta Vindelicorum
(Augsburg)
51%
25kRatisbona
(Regensburg)
46%
20kQartagannah al-Halfa
(Cartagena)
45%
5kDyrrhachion
(Durrës)
44%
12kSaris
(Jerez de la Frontera)
44%
4kBiraqirah
(Braga)
43%
4kBrixia
(Brescia)
43%
9kForum Alieni
(Ferrara)
42%
5kNarbo
(Narbonne)
42%
10kPictavis
(Poitiers)
42%
4kBurgas
41%
5kMantua
41%
30kMaridah
(Mérida)
41%
5kTarrakunah
(Tarragona)
41%
22kPapia
(Pavia)
38%
6kOvetum
(Oviedo)
37%
10kWormatia
(Worms)
36%
5kLarisa
35%
4kRegium Lepidi
(Reggio Emilia)
35%
4kTheodosia
(Feodosia)
35%
11kArelat
(Arles)
33%
4kAmalphis
(Amalfi)
32%
6kGayyan
(Jaén)
32%
20kBeneventum
(Benevento)
29%
4kTarabish
(Trapani)
28%
20kSpira
(Speyer)
26%
50kBab al-Abwab
(Derbent)
22%
5kLaudunum
(Laon)
19%
4kScodra
(Shkodër)
18%
4kNemetacum
(Arras)
17%
6kIstiggah
(Écija)
15%
4kSenones
(Sens)
15%
5kSliven
14%
5kDorestate
(Wijk bij Duurstede)
13%
35kPliska
13%
10kBirbashtar
(Barbastro)
11%
30kAtil
(Samosdelka)
8%
10kPruvinum
(Provins)
8%
5kQuentovicus
(La Calotterie)
8%

Score Distribution

Percentile by Number Answered

Percent of People with Each Score

Your Score History

You have not taken this quiz since the last reset